Catálogo
 En Linea

Becerro del Ayuntamiento de Santo Domingo (1786) (Registro nro. 51834)

Detalles MARC
000 -CABECERA
campo de control de longitud fija 01407nam a22002417a 4500
003 - IDENTIFICADOR DEL NÚMERO DE CONTROL
campo de control DO-SdBNP
005 - FECHA Y HORA DE LA ÚLTIMA TRANSACCIÓN
campo de control 20250506112534.0
008 - DATOS DE LONGITUD FIJA--INFORMACIÓN GENERAL
campo de control de longitud fija 220527b2021 dr ||||| |||| 00| 0 spa d
040 ## - FUENTE DE LA CATALOGACIÓN
Centro catalogador/agencia de origen DO-SdBNP
Lengua de catalogación spa
Centro/agencia transcriptor BNPHU
082 #4 - NÚMERO DE LA CLASIFICACIÓN DECIMAL DEWEY
Número de clasificación 972.93
Número de documento/Ítem R896b
Número de edición 22
100 1# - ENTRADA PRINCIPAL--NOMBRE DE PERSONA
Nombre de persona Rubio, Vicente,
Fechas asociadas al nombre 1923-2006
9 (RLIN) 87660
245 1# - MENCIÓN DE TÍTULO
Título Becerro del Ayuntamiento de Santo Domingo (1786)
250 ## - MENCIÓN DE EDICIÓN
Mención de edición Edición facsimilar
260 ## - PUBLICACIÓN, DISTRIBUCIÓN, ETC.
Lugar de publicación, distribución, etc. Santo Domingo :
Nombre del editor, distribuidor, etc. UNPHU,
Fecha de publicación, distribución, etc. 2022
300 ## - DESCRIPCIÓN FÍSICA
Extensión 296 p. :
Otras características físicas il. ;
Dimensiones 30 cm.
500 ## - NOTA GENERAL
Nota general El libro Becerro del Ayuntamiento de Santo Domingo es un manuscrito antiguo, del siglo XVIII, que pertenece al archivo de dicha corporación edilicia, cuyo nombre durante el periodo colonial fue Concejo, Justicia y Regimiento de la ciudad de Santo Domingo.
500 ## - NOTA GENERAL
Nota general Incluye referencias bibliográficas y notas al pie de las páginas.
505 ## - NOTA DE CONTENIDO CON FORMATO
Nota de contenido con formato Presentación --<br/>
Título Breve nota sobre la transcipción realizada por Fray Vicente Rubio, O.P. del libro Becerro del Ayuntamiento de Santo Domingo (1786) /
Mención de responsabilidad Raymundo González --
Título El Santo Domingo del siglo XVIII a través del Libro Becerro /<br/><br/>
Mención de responsabilidad Américo Moreta Castillo --
Título Documentos facsimilares y sus transcripciones.
651 #7 - PUNTO DE ACCESO ADICIONAL DE MATERIA--NOMBRE GEOGRÁFICO
Nombre geográfico República Dominicana
Subdivisión general Historia
Subdivisión cronológica Colonia, 1503-1844
Subdivisión de forma Fuentes
9 (RLIN) 11397
651 #7 - PUNTO DE ACCESO ADICIONAL DE MATERIA--NOMBRE GEOGRÁFICO
Nombre geográfico República Dominicana
Subdivisión general Historiografía
9 (RLIN) 1457
710 2# - PUNTO DE ACCESO ADICIONAL--NOMBRE DE ENTIDAD CORPORATIVA
Nombre de entidad corporativa o nombre de jurisdicción como elemento de entrada Universidad Nacional Pedro Henríquez Ureña
9 (RLIN) 87658
942 ## - ELEMENTOS DE PUNTO DE ACCESO ADICIONAL (KOHA)
Fuente del sistema de clasificación o colocación Dewey Decimal Classification
Tipo de ítem Koha Libro

No hay ítems disponibles.

Con tecnología Koha